Văn hóa phi vật thể huyện Lục Ngạn tỉnh Bắc Giang
Tổng quan về văn hoá phi vật thể ở huyện Lục Ngạn tỉnh Bắc Giang. Giới thiệu về văn hoá phi vật thể ở 30 làng bản của huyện Lục Ngạn
Đã lưu trong:
| Tác giả khác: | , , , , |
|---|---|
| Định dạng: | Sách |
| Ngôn ngữ: | Vietnamese |
| Được phát hành: |
H.
Văn hoá dân tộc
2012
|
| Những chủ đề: | |
| Các nhãn: |
Thêm thẻ
Không có thẻ, Là người đầu tiên thẻ bản ghi này!
|
| Thư viện lưu trữ: | Mạng thư viện Đại học Đà Nẵng |
|---|
| LEADER | 01643aam a22004098a 4500 | ||
|---|---|---|---|
| 001 | 000018108 | ||
| 003 | 14535 | ||
| 005 | 20130906160934.0 | ||
| 008 | 130906s2012 viesd | ||
| 020 | |d 2000b | ||
| 041 | 0 | |a vie | |
| 082 | 1 | 4 | |2 14 |a 390.0959725 |b Văn |
| 245 | 0 | 0 | |a Văn hóa phi vật thể huyện Lục Ngạn tỉnh Bắc Giang |c Nguyễn Thu Minh, Trần Văn Lạng, Ngô Văn Trụ (ch.b.)... |
| 260 | |a H. |b Văn hoá dân tộc |c 2012 | ||
| 300 | |a 647 tr. |c 21 cm. | ||
| 500 | |a ĐTTS ghi: Hội Văn nghệ dân gian Việt Nam | ||
| 520 | |a Tổng quan về văn hoá phi vật thể ở huyện Lục Ngạn tỉnh Bắc Giang. Giới thiệu về văn hoá phi vật thể ở 30 làng bản của huyện Lục Ngạn | ||
| 650 | 0 | 4 | |2 Bộ TK TVQG |a Văn hóa phi vật thể |z Lục Ngạn - Bắc Giang |
| 650 | 7 | |2 Bộ TK TVQG | |
| 651 | 7 | |2 Bộ TK TVQG |a Lục Ngạn | |
| 651 | 7 | |2 Bộ TK TVQG |a Bắc Giang | |
| 653 | |a Văn hoá phi vật thể | ||
| 700 | 1 | |a Trần Văn Lạng |e ch.b. | |
| 700 | 1 | |a Ngô Văn Trụ |e ch.b. | |
| 700 | 1 | |a Nguyễn Thu Minh |e ch.b. | |
| 700 | 1 | |a Nguyễn Hữu Tự | |
| 700 | 1 | |a Phùng Thị Mai Anh | |
| OWN | |a LSP | ||
| AVA | |a UDN50 |b LSP |d 390.0959725 Văn |e available |t Error 5001 Not defined in file expand_doc_bib_avail. |f 1 |g 0 |h N |i 0 |k 1 | ||
| 999 | |a From the UDN01 | ||
| AVA | |a UDN50 |b LSP |d 390.0959725 Văn |e available |t Error 5001 Not defined in file expand_doc_bib_avail. |f 1 |g 0 |h N |i 0 |k 1 | ||
| TYP | |a Monograph | ||
| TYP | |a Printed language | ||
| 980 | |a Mạng thư viện Đại học Đà Nẵng | ||